00669 2200229 4500001002100000005001500021035002000036007000300056008004100059020001800100082001200118084001800130100001500148245009600163250003000259260003600289300004400325650002500369650001300394700001600407990001600423INLIS00000000000427420260202090103 a0010-0126000089ta260202 g 0 ind  a979-1305-20-x a297.114 a297.114 ZAK k0 aZakir Naik1 aKeajaiban Al-Qur'an dalam Telaah Sains Modern /cZakir Naik (Penulis); Abdul Majid (Editor) aCetakan I, September 2008 aYogyakarta :bMedia Ilmu,c2008 a156 Halaman :bIlustrasi; Teks ;c19 cm 4aAl-Qur'an - Mukjizat 4aMukjizat0 aGary Miller a00000005949